Αισθητική
Αποθηκεύτηκε σε:
| Κύριος συγγραφέας: | |
|---|---|
| Μορφή: | Βιβλίο |
| Γλώσσα: | Greek |
| Δημοσίευση: |
[Αθήνα;] :
Γκοβόστης,
[19--].
|
| Θέματα: | |
| Διαθέσιμο Online: | http://hdl.handle.net/11610/16489 |
| Ετικέτες: |
Προσθήκη ετικέτας
Δεν υπάρχουν, Καταχωρήστε ετικέτα πρώτοι!
|
MARC
| LEADER | 00000cam a2200000 i 4500 | ||
|---|---|---|---|
| 001 | 1/105591 | ||
| 008 | 090527q19301940gr | ||| |||| ||gre|| | ||
| 035 | |l 10104889 | ||
| 040 | |a GR-MY-UA |b gre |e aacr | ||
| 041 | 0 | |a gre | |
| 082 | 7 | |a 111.85 |2 (22) | |
| 100 | 1 | |a Lalo, Charles, |d 1877-1953. | |
| 245 | 1 | 0 | |a Αισθητική / |c Κ. Λαλό ; μετάφραση Β. |
| 260 | |a [Αθήνα;] : |b Γκοβόστης, |c [19--]. | ||
| 300 | |a 111 σ. ; |c 19 εκ. | ||
| 500 | |a Υπάρχει ψηφιακό αντίγραφο. | ||
| 501 | |a Με: Αισθητικά Προβλήματα / Θ. Μουστοξύδη. Αθήναι : [Τύποις Πυρσού], 1939 -- Η φιλοσοφία της τέχνης / Ιππόλυτου Ταιν. [Αθήνα ;] : Γκοβόστη, [19--]. Δεμένα μαζί μετά τη δημοσίευσή τους. | ||
| 504 | |a Περιέχει βιβλιογραφικές παραπομπές. | ||
| 650 | 0 | 0 | |a Aesthetics. |
| 650 | 0 | 0 | |a Art |x Philosophy. |
| 740 | 0 | |a Αισθητικά προβλήματα | |
| 740 | 2 | |a Η φιλοσοφία της τέχνης | |
| 852 | |a INST |b RHODES |c AKA |e 20090527 |h 111.85 ΛΑΛ |p 005400032127 |q 005400032127 |t BK |y 23 | ||
| 856 | |u http://hdl.handle.net/11610/16489 | ||
| 901 | |a BIBL4-2009-2 | ||
| 909 | |a Ρ |b 157191 | ||
| 970 | |a ΚΟΖΑ |b ΜΑΡΙΑ |z 2009-05-27 | ||